Vývin ekonomického myslenia Stručný prehľad

Guardado en:
Detalles Bibliográficos
Autor principal: Korček, Ľudovít
Formato: Libro
Lenguaje:eslovaco
Publicado: Bratislava Esprima 1992
Edición:1. vyd.
Materias:
Etiquetas: Agregar Etiqueta
Sin Etiquetas, Sea el primero en etiquetar este registro!

MARC

LEADER 00000nam a2200000 4500
001 c000536
005 20221214090945.1
020 |a 80-225-0268-5 
041 0 |a slo 
044 |a SK 
245 1 0 |a Vývin ekonomického myslenia  |b Stručný prehľad  |c Ľudovít Korček a kol. 
250 |a 1. vyd. 
264 1 |a Bratislava  |b Esprima  |c 1992 
300 |a 284 s. 
610 2 0 |a dejiny myslenia ekonomického 
610 2 0 |a veda ekonomická 
610 2 0 |a teórie ekonomické 
610 2 0 |a makroekonomika 
610 2 0 |a mikroekonomika 
610 2 0 |a rozvoj sociálno-ekonomický 
610 2 0 |a neoklasicizmus 
610 2 0 |a neokonzervativizmus 
610 2 0 |a neoliberalizmus 
610 2 0 |a inštitucionalizmus 
610 2 0 |a neoinštitucionalizmus 
610 2 0 |a rovnováha hospodárska 
610 2 0 |a problémy globálne 
610 2 0 |a zaostalosť hospodárska 
610 2 0 |a krajiny rozvojové 
100 1 |a Korček, Ľudovít